La orientación familiar: una experiencia de intervención /
El artículo resume la experiencia de intervención con una familia de la escuela de Villa Esperanza de Pavas. Se trata de un matrimonio con dificultades para disciplinar a sus tres hijos varones de ocho, seis y cuatro años. Se aplica el modelo de intervención estructural que busca que la misma famili...
Guardado en:
| Autor principal: | |
|---|---|
| Formato: | Texto |
| Materias: | |
| Etiquetas: |
Agregar Etiqueta
Sin Etiquetas, Sea el primero en etiquetar este registro!
|
MARC
| LEADER | 00000 a a2200000 04500 | ||
|---|---|---|---|
| 001 | 46120 | ||
| 003 | |||
| 040 | |||
| 100 | |a Villarreal Montoya, Cecilia | ||
| 245 | |a La orientación familiar: |b una experiencia de intervención / |c Cecilia Villarreal Montoya | ||
| 520 | |a El artículo resume la experiencia de intervención con una familia de la escuela de Villa Esperanza de Pavas. Se trata de un matrimonio con dificultades para disciplinar a sus tres hijos varones de ocho, seis y cuatro años. Se aplica el modelo de intervención estructural que busca que la misma familia logre realizar paso a paso los cambios requeridos. | ||
| 590 | |a RRH/DICIEMBRE | ||
| 650 | |a 1. ORIENTACION PROFESIONAL | ||
| 650 | |a 2. ESTRUCTURA DE LA FAMILIA | ||
| 650 | |a 3. TERAPIA | ||
| 650 | |a 4. COSTA RICA | ||
| 773 | |g volumen31, número2 ( , 2007), páginas 79-94 | ||
| 999 | |c 30343 |d 30343 | ||
